00672nam a2200241 a 4500001001300000003000900013005001700022008004100039020001000080082001500090100001300105245003900118260002700157300001000184500003500194505001000229650002300239700001300262902000800275942000700283952012700290999001300417nice12345678IN_TiNIC20260116011348.0050524s1925 leia grp 000 0 ger  ac10000a297.1bSIM aSimon, G aDie Welt Des Islam Und Dieneuezett aLeipzigbLeipzigc1925 a133p. aincludes index and biblioraphy2 aIndex aIslam-Meccan Trade1 aSimon, G bSRS cBK 001040708StackRoom-aHMIbHMId2007-07-30g100.00l1o297.1 SIMp00953r2019-10-31s2019-10-03v100.00w2005-05-24yBK c858d858